000 00324nam a22001457a 4500
003 OSt
005 20231025113430.0
008 231025b |||||||| |||| 00| 0 eng d
040 _cIIMT UNIVERSITY
100 _aGEETA, PRESS
245 _aKALYAN
260 _aGORAKHPUR
_bGEETA PRESS
_cNA
300 _a687
942 _2ddc
_c09
999 _c57527
_d57527